| 000 | 00547nam a2200217 a 4500 | ||
|---|---|---|---|
| 999 |
_c4122 _d4122 |
||
| 001 | 4122 | ||
| 003 | BD-JhCC | ||
| 005 | 20171123115027.0 | ||
| 008 | 171123s1961 e a|||| ||a| 000 0 eng d | ||
| 035 | _a(BD-JhCC)4122 | ||
| 040 |
_aBD-JhCC _dBD-JhCC |
||
| 041 | _aeng | ||
| 082 |
_a823.914 _bSTO 1961 |
||
| 100 | _aStorer, Ronald D. K. | ||
| 245 |
_aDon Quixote / _cRonald D. K. Storer, |
||
| 260 |
_aLondon : _bOxford University Press, _c1961 |
||
| 300 |
_a79 p. : _c18 cm. |
||
| 650 | _aEnglish Stories | ||
| 942 |
_2ddc _cBK |
||